00861cam a2200241 a 450000100100000000500170001000800410002702000150006804000180008308200180010110000360011924500430015526000440019830000210024249000440026358600320030765000280033965000310036783000510039891000340044995201210048399900150060400000807420200929154424.0900327s1989 sp 000 f spa  a8432068179 aDO-SdBNPcDLC a863.64bM951u1 aMúgica, Daniel,d1967-92198110aUno se vuelve loco /cDaniel Múgica. aBarcelona (España) :bPlaneta,c1989. a201 p. ;c21 cm.1 aAutores españoles e hispanoamericanos aPremio Ateneo Sevilla, 1989 4aNovela española91123 4aLiteratura española9632 0aAutores españoles e hispanoamericanos.95042 aCatalogación por copia / LC 001052708MOaGRbGRcCTd2009-09-14iLF1l0o863.64 M951up8074-10r2020-06-25w2020-06-25y2ZPréstamo interno c7851d7851